Наставление по ведению занятий в частях конницы Р.К.К.А. Ч. 1 (Запись № 13588588)

Подробности
000 -МАРКЕР
контрольное поле 00956nam2a2200229 4500
001 - ИДЕНТИФИКАТОР ЗАПИСИ
контрольное поле rc\2891952
005 - ИДЕНТИФИКАТОР ВЕРСИИ
контрольное поле 20260315053114.0
035 ## - ДРУГИЕ СИСТЕМНЫЕ НОМЕРА
Идентификатор записи (NLR Aleph) 007044226
100 ## - ДАННЫЕ ОБЩЕЙ ОБРАБОТКИ
Данные общей обработки 20110725d1930 u y0rusy50 ca
101 0# - ЯЗЫК РЕСУРСА
Язык текста, звукозаписи и т.д. русский
102 ## - СТРАНА ПУБЛИКАЦИИ ИЛИ ПРОИЗВОДСТВА
Страна публикации Российская Федерация
105 ## - ПОЛЕ КОДИРОВАННЫХ ДАННЫХ: ТЕКСТОВЫЕ МАТЕРИАЛЫ, МОНОГРАФИЧЕСКИЕ
Кодированные данные о монографическом текстовом документе y z |||||
200 0# - ЗАГЛАВИЕ И СВЕДЕНИЯ ОБ ОТВЕТСТВЕННОСТИ
Основное заглавие Ч. 1
210 ## - ПУБЛИКАЦИЯ, РАСПРОСТРАНЕНИЕ И ДР.
Дата издания, распространения и т.д. 1930
215 ## - ФИЗИЧЕСКАЯ ХАРАКТЕРИСТИКА
Специфическое обозначение материала и объем 201, [2] с.
461 #0 - УРОВЕНЬ НАБОРА
Встроенное поле 001rc\2891951
-- 2000#$aНаставление по ведению занятий в частях конницы Р.К.К.А.$eЧ. 1-$fСССР. Нар. ком. по воен. и мор. дел.$vЧ. 1
Системный номер (АБИС) связанной записи 6127204
Автор СССР
Место публикации Москва
Дата публикации 1930
Первые сведения об ответственности СССР. Нар. ком. по воен. и мор. дел.
Имя издателя, распространителя и т.д. V упр. Штаба Р.К.К.А.
Сведения, относящиеся к заглавию Ч. 1-
Заглавие Наставление по ведению занятий в частях конницы Р.К.К.А.
Номер тома Ч. 1
801 #0 - ИСТОЧНИК ЗАПИСИ
Страна Российская Федерация
Организация NLR
Правила каталогизации psbo
801 #1 - ИСТОЧНИК ЗАПИСИ
Страна Российская Федерация
Организация ELAR
Источник данных rusmarc
852 ## - МЕСТОНАХОЖДЕНИЕ И ШИФР ХРАНЕНИЯ
Идентификатор организации NLR
Шифр хранения (Call Number) 30.15/92(1)
942 ## - ДОПОЛНИТЕЛЬНЫЕ ЭЛЕМЕНТЫ ЗАПИСИ (АБИС)
Тип экземпляра АБИС Неопределено
980 ## - КОЛЛЕКЦИЯ
Название коллекции Национальная библиография

Нет доступных экземпляров.